00340nam a2200133Ia 4500003000400000008004100004020002600045040000800071100002000079245004400099260003700143300001500180365001100195LDD181029s9999 xx 000 0 und d a9788175331907c695.00 cLDD aShukla, Archana 0aExploring life sciencescArchana Shukla aNew DelhibMD Publicationsc2009 avii, 267p. b695.00